| 000 | 00456nam a22000977a 4500 | ||
|---|---|---|---|
| 008 | 171204b xxu||||| |||| 00| 0 eng d | ||
| 100 | _aRobert A. Siegel Auction Galleries | ||
| 245 | _aMcCoy Inverted Jenny - position 76, offered on behalf of the American Philatelic Research Library | ||
| 260 |
_aNew York _bRobert A. Siegel Auction Galleries _c2017 |
||
| 650 | _aUnited States | Air Mail | Errors and Varieties | Inverted Jenny | McCoy, Ethel B. | Theft | Auctions | ||
| 999 |
_c2563 _d2563 |
||